000 00849na a2200289 4500
001 12955
003 MIRAKIL
005 20181213154935.0
008 161012b tu 000 0
020 _a9786058928817
035 _a12955
040 _aMilas
_btur
_cTR-AnCHP
041 _atur
082 _a233.11
_bC25i 2009
090 _a233.11 C25i 2009
100 _aCanbulan, Mehmet
245 _aİnsan olmak
_bYaratılış ve yaratılışın ölüm ve hayatın gerçek amacı
_cMehmet Canbulan
246 _aYaratılış ve yaratılışın ölüm ve hayatın gerçek amacı
260 _aAnkara
_b[yayl.y.]
_c2009
_fEmek Ofset
300 _a487 s.
_c24 sm.
440 _aArayış ve İnceleme dizisi
490 _aSen-Tez
_v5
650 _aDin
650 _aİslam
_xİnsanlık
650 _aİslam
_xYaratılış
942 _2ddc
_cBKS
999 _c3542
_d3542